00759nam a22002057a 450000500170000001000150001702000260003203500140005803700090007208200060008110000310008724501190011826000400023727000430027730000210032070000420034194200200038399900190040395201310042220230925112321.0 aENG-135847 a9789390961061c395.00 aEN-119379 bDBAD aS aSharma Sumit Sameer957360 aWake UP,Ali Wake up now:bA South Asian Diasporic Story/cBy Sumit sharma Sameer,and translated by Sushrut Acharya aNew DelhibVitasta publishingc2022 a2/15,Ansari road, DaryaganjbNew Delhi a136p.c19cm(pbk) a Acharya, Sushrut eTranslated957361 2ddccENhSmSHA c194283d194283 001040718FICaDBADbDBADd2022-12-13eDBAD/PUBg395.00l0oS SHApEN-119379r2022-12-13 00:00:00t1v395.00w2022-12-13yEN